00401nam a22001457a 450000500170000000800410001702000150005804100150007308200140008810000140010224500770011626000090019330000280020265000250023020231030131646.0231030b |||||||| |||| 00| 0 eng d a0621113476 aAfrikaans  a347.6 SOU lAfrikaans aSuid-Afrikaanse Regskommissie verslag oor die hersieningvan die bewysreg c1986 bxii, 61 pages ;c26 cm. alegal practice bLaw